000 00594nam a22001937a 4500
003 OSt
005 20260512160209.0
008 260512b |||||||| |||| 00| 0 eng d
020 _a9781836599425 Hb. Bp.
040 _aMMSU
_cULS
050 _aLB 1051 C65 2025 LCLib
100 _aColeman, Jeffrey
245 _aEducational psychology :
_bnew dimensions /
_cJeffrey Coleman.
260 _aUnited Kingdom :
_bETP ED-Tech Press,
_c2025.
300 _ax, 258 pages ;
_c26 cm.
504 _aIncludes bibliographical references and index.
650 _aEducational psychology.
942 _2lcc
_cBK
999 _c29159
_d29159